Normal view
MARC view
- Krishnamoorthy, T. S
Entry Personal Name
001 - CONTROL NUMBER
- control field: 47365
003 - CONTROL NUMBER IDENTIFIER
- control field: NUST
005 - DATE AND TIME OF LATEST TRANSACTION
- control field: 20210314133814.0
008 - FIXED-LENGTH DATA ELEMENTS
- fixed length control field: 210314|| aca||aabn | a|a d
040 ## - CATALOGING SOURCE
- Original cataloging agency: NUST
- Transcribing agency: NUST
100 ## - HEADING--PERSONAL NAME
- Personal name: Krishnamoorthy, T. S
670 ## - SOURCE DATA FOUND
- Source citation: Work cat.: (NUST): Proceedings of the International Symposium on Fibre Reinforced Concrete, Madras, India, December 16-19, 1987 /, c1987-1988.
